Power System Analysis and Design (Record no. 206992)

MARC details
000 -LEADER
fixed length control field 00443nam a2200181Ia 4500
008 - FIXED-LENGTH DATA ELEMENTS--GENERAL INFORMATION
fixed length control field 240823s9999||||xx |||||||||||||| ||und||
020 ## - INTERNATIONAL STANDARD BOOK NUMBER
International Standard Book Number 81-2169-2238-0
082 ## - DEWEY DECIMAL CLASSIFICATION NUMBER
-- 621.319 P5
100 ## - MAIN ENTRY--PERSONAL NAME
Personal name Gupta B R
245 #0 - TITLE STATEMENT
Title Power System Analysis and Design
250 ## - EDITION STATEMENT
Edition statement 3rd
260 ## - PUBLICATION, DISTRIBUTION, ETC. (IMPRINT)
Date of publication, distribution, etc 2005
Name of publisher, distributor, etc S Chand & Co
500 ## - GENERAL NOTE
General note TRANSFERED
650 ## - SUBJECT ADDED ENTRY--TOPICAL TERM
Topical term or geographic name as entry element Power System
942 ## - ADDED ENTRY ELEMENTS (KOHA)
Item type Books
Holdings
Withdrawn status Lost status Damaged status Permanent location Current location Shelving location Date acquired Cost, normal purchase price Full call number Barcode Date last seen Koha item type
      CENTRAL LIBRARY, NOORUL ISLAM CENTRE FOR HIGHER EDUCATION CENTRAL LIBRARY, NOORUL ISLAM CENTRE FOR HIGHER EDUCATION   02/13/2014 260.00 621.319 P5 57554 08/23/2024 Books
Visitors:
Copyright © 2024 Central Library NICHE.  All rights reserved.